000 00320nam a2200133Ia 4500
008 240624s9999 xx 000 0 und d
041 _aeng
082 _a891.46 SAR
100 _aTEJPARKHI SIRSHREE
245 _aMOKSH
260 _c2011
_aPune
_bWow Publishing Pvt. Ltd.
300 _a244 p.; 23 cm.
365 _cRS
_b20
999 _c30788
_d30788